• 首页
  • 本馆介绍
  • 公告通知
  • 最新文献
  • 馆藏检索
  • 电子资源
  • 读者导购
  • 参考咨询
  • 我的图书馆
  • 登录
  • 详细信息显示
  • 放入我的书架
  • 预约/预借图书
  • 作者相关作品
  • 分类相关作品
  • 丛书相关作品
  • 出版社相关作品

书目信息

  • 表格格式
  • 工作单格式
  • 卡片格式
题名:
大学体育与健康教育
    
 
作者: 王兴林 , 樊西宁 , 袁惠生 主编
分册:  
出版信息: 西安   陕西人民出版社  2003
页数: 415页
开本: 23cm
丛书名:
单 册:
中图分类: G807.4
科图分类:
主题词: 体育--师范大学--教材 , 健康教育--师范大学--教材
电子资源:
ISBN: 7-224-06389-4
000 01001nam0 2200277 450
001 05002363602
005 20050927155623.56
010    @a7-224-06389-4@dCNY35.00
100    @a20050114e20042003ekmy0chiy0120 ea
101 0  @achi
102    @aCN@b610000
105    @aak z 000yy
200 1  @a大学体育与健康教育@9da xue ti yu yu jian kang jiao yu@f王兴林,樊西宁,袁惠生主编@Fwang xing lin,fan xi ning,yuan hui sheng zhu bian
210    @a西安@c陕西人民出版社@d2003@h2004重印
215    @a415页@d23cm
300    @a高校21世纪师范类规划教材
330    @a本书阐述了体育概论,大学生体育锻炼方法,身体素质训练,体育美学与观赏,健康概述,躯体健康,心理健康,影响健康的因素,以及体育教学的具体内容。
606 0  @a体育@x师范大学@x教材
606 0  @a健康教育@x师范大学@x教材
690    @aG807.4@v4
701  0 @a王兴林@Awang xing lin@4主编
701  0 @a樊西宁@Afan xi ning@4主编
701  0 @a袁惠生@Ayuan hui sheng@4主编
801  0 @aCN@bTSSF@c20050927
905    @a10447@dG807.4@e151
999    @aHSJ
    
    大学体育与健康教育/王兴林,樊西宁,袁惠生主编.-西安:陕西人民出版社,2003(2004重印)
    415页;23cm
    高校21世纪师范类规划教材
    
    ISBN 7-224-06389-4:CNY35.00
    本书阐述了体育概论,大学生体育锻炼方法,身体素质训练,体育美学与观赏,健康概述,躯体健康,心理健康,影响健康的因素,以及体育教学的具体内容。
●
相关链接 在E读中查询图书 在五车中查询图书 在当当中查询图书 在豆瓣中查询图书


正题名:大学体育与健康教育     索取号:G807.4/151         预约/预借

序号 登录号 条形码 馆藏地/架位号 状态 备注
1 0363476   3634767   第一样本阅览室/ [索取号:G807.4/151] 在馆    
2 0363478   3634785   第四借阅区/ [索取号:G807.4/151] 在馆    
3 0363479   3634794   第四借阅区/ [索取号:G807.4/151] 在馆    
4 0363480   3634801   第四借阅区/ [索取号:G807.4/151] 在馆    
5 0363481   3634810   第四借阅区/ [索取号:G807.4/151] 在馆    
6 0363482   3634829   第四借阅区/ [索取号:G807.4/151] 在馆    
7 0363483   3634838   第四借阅区/ [索取号:G807.4/151] 在馆    
唐山师范学院图书馆 欢迎您!
大连网信软件有限公司© 版权所有